Statistics for Tallest Pyramids in the World

Click here to take the quiz!

General Stats

  • This quiz has been taken 8 times
  • The average score is 2 of 10

Answer Stats

CountryMetersAnswer% Correct
Egypt138.5Giza
100%
Egypt104.71Bent
25%
Egypt136.4Khafre
25%
Egypt105Red
25%
Mexico65.5Sun
25%
Egypt62.5Djoser
13%
Egypt65Menkaure
13%
Mexico66Chotula
0%
Guatemala72La Denta
0%
Egypt65Meidum
0%

Score Distribution

Percentile by Number Answered

Percent of People with Each Score

Your Score History

You have not taken this quiz